000 01362nam a22002297a 4500
999 _c63663
_d63663
003 Ge_BSU
005 20251203201658.0
008 251203s2022 ge ||||| |||| 00| 0 geo d
020 _a9789941333712
041 _ageo
080 _a821.353.1-31 პ-18
100 _aპაპიაშვილი, იაკობ
_926343
245 _aამირანი :
_bრომანი /
_cიაკობ პაპიაშვილი; რედაქტორი რევაზ მიშველაძე; დიზაინერი ირაკლი უშვერიძე.
250 _aპირველი გამოცემა
264 _aთბილისი :
_bუნივერსალი,
_c2022.
300 _a202 გვ. ;
_b20 სმ.
500 _aწიგნის გარეკანზე: ძველი თბილისისა და ქუთაისის ისტორიული ნაწილის ხედებისა და იერუსალიმის გეთსამანიის ბაღის სურათები.
653 _aქართული პროზა
700 _aმიშველაძე, რევაზ
_eრედაქტორი
_93537
700 _aუშვერიძე, ირაკლი
_eდიზაინერი
_919891
942 _2udc
_cBK